00500nam a2200193 a 4500001001300000003000900013005001700022008004100039020001000080082001700090100002500107245002400132260003400156300000800190500003500198505002100233650002700254700002500281nice12345678IN_TiNIC20260116012641.0050524s0000 guna grp 000 0 eng  ac10000a297.293bIQB aIqbal, S M Mohiuddin aPearls of the Bible aGuntur bAlvin Fishman c0000 a49p aincludes index and biblioraphy2 ajournals indexes aIslam-Apologetic Works1 aIqbal, S M Mohiuddin